Städte Finnlands - Statistiken

Allgemein
  • Dieses Quiz wurde 158 mal gespielt
  • Das Durchschnittsergebnis liegt bei 12 aus 50
Antwortstatistiken
Rang Einwohner Stadt % Korrekt
1 656.920 Helsinki
100%
3 241.009 Tampere
82%
6 194.391 Turku
78%
5 207.327 Oulu
76%
2 292.796 Espoo
66%
17 63.528 Roväniemi
64%
9 119.984 Lahti
59%
8 120.210 Kuopio
45%
7 143.420 Jyväskylä
43%
4 237.231 Vantaa
42%
15 67.551 Vaasa
39%
10 83.684 Pori
34%
13 72.662 Lappeenranta
29%
19 51.668 Kotka
26%
12 76.935 Joensuu
25%
14 67.848 Hämeenlinna
24%
18 52.583 Mikkeli
23%
28 39.040 Rauma
23%
11 81.187 Kouvola
22%
21 50.619 Porvoo
22%
16 64.130 Seinäjoki
22%
22 47.772 Kokkola
20%
35 32.662 Savonlinna
18%
31 36.569 Kajaani
16%
20 51.562 Salo
16%
47 21.467 Tornio
16%
33 34.476 Nokia
15%
40 26.075 Imatra
13%
38 28.710 Riihimäki
13%
23 46.576 Hyvinkää
12%
25 44.455 Järvenpää
11%
30 37.105 Kerava
11%
49 21.124 Iisalmi
10%
27 40.082 Kirkkonummi
8%
24 45.886 Lohja
8%
42 24.353 Raahe
8%
36 32.214 Kangasala
7%
26 43.663 Nurmijärvi
7%
46 21.687 Sipoo
7%
41 24.407 Raisio
6%
29 38.783 Tuusula
6%
37 29.160 Vihti
6%
32 34.667 Kaarina
5%
45 23.251 Hollola
4%
34 33.352 Ylöjärvi
4%
44 23.828 Lempäälä
3%
43 24.052 Sastamala
3%
50 20.783 Mäntsälä
2%
39 27.528 Raseborg
2%
48 21.251 Siilinjärvi
2%
Keine übereinstimmenden Quizze gefunden
Verteilung der Resultate
Anzahl Personen mit jedem Resultat
Perzentil nach korrekt beantworteten Fragen
Ihre Resultats-Entwicklung
Sie haben dieses Quiz noch nicht gespielt